00633nam a2200181 a 450000100060000000300090000600800410001502000150005604000280007108200140009910000240011324500240013725000060016126000310016730000080019850502230020665000220042921996CO-ViMGA141112s2004 ck r 000 u spa d a9682438918 aCO-ViMGAbspacCO-ViMGA04a302 R635P1 aRodríguez, Aroldo10aPsicología Social a4 aMexico : bTrillas, c1991 a540 aCaracterización y fundamentación teórica de la psicología social 15 - - Temas actuales y aplicaciones de la psicología social 195 - - Algunos tópicos elementales de ciencia de la ciencia psicológica 469 14aPSICOLOGIA SOCIAL